Eastern Utah Libraries Catalog: Duchesne, Heber, Roosevelt, & Vernal

Franklin and the duckling / (Record no. 266020)

MARC details
000 -LEADER
fixed length control field 02241pam a2200577 a 4500
001 - CONTROL NUMBER
control field ocm59338795
003 - CONTROL NUMBER IDENTIFIER
control field OCoLC
005 - DATE AND TIME OF LATEST TRANSACTION
control field 20200320182118.0
008 - FIXED-LENGTH DATA ELEMENTS--GENERAL INFORMATION
fixed length control field 050404s2007 onca j 000 1 eng
016 ## - NATIONAL BIBLIOGRAPHIC AGENCY CONTROL NUMBER
Record control number 20059022221
020 ## - INTERNATIONAL STANDARD BOOK NUMBER
International Standard Book Number 9781553378884 (bound)
020 ## - INTERNATIONAL STANDARD BOOK NUMBER
International Standard Book Number 1553378881 (bound)
020 ## - INTERNATIONAL STANDARD BOOK NUMBER
International Standard Book Number 155337889X (pbk.)
020 ## - INTERNATIONAL STANDARD BOOK NUMBER
International Standard Book Number 9781553378891 (pbk.)
020 ## - INTERNATIONAL STANDARD BOOK NUMBER
Terms of availability 13.96
029 0# - (OCLC)
OCLC library identifier NLC
System control number 20059022221
035 ## - SYSTEM CONTROL NUMBER
System control number (OCoLC)59338795
040 ## - CATALOGING SOURCE
Original cataloging agency NLC
Language of cataloging eng
Transcribing agency NLC
Modifying agency BAKER
-- BTCTA
-- WACOL
049 ## - LOCAL HOLDINGS (OCLC)
Holding library WACL
055 02 - CLASSIFICATION NUMBERS ASSIGNED IN CANADA
Classification number PS8569*
055 #0 - CLASSIFICATION NUMBERS ASSIGNED IN CANADA
Classification number PS8569 E563
Item number F7157 2007
055 00 - CLASSIFICATION NUMBERS ASSIGNED IN CANADA
Classification number PS8569 E563
Item number F7157 2007
082 0# - DEWEY DECIMAL CLASSIFICATION NUMBER
Classification number jC813/.54
Edition number 22
092 ## - LOCALLY ASSIGNED DEWEY CALL NUMBER (OCLC)
Classification number E
Item number Jen
100 1# - MAIN ENTRY--PERSONAL NAME
Personal name Jennings, Sharon.
9 (RLIN) 41692
245 10 - TITLE STATEMENT
Title Franklin and the duckling /
Statement of responsibility, etc [written by Sharon Jennings ; illustrated by Sean Jeffrey, Sasha McIntyre, Jelena Sisic.
260 ## - PUBLICATION, DISTRIBUTION, ETC. (IMPRINT)
Place of publication, distribution, etc Toronto :
Name of publisher, distributor, etc Kids Can Press,
Date of publication, distribution, etc c2007.
300 ## - PHYSICAL DESCRIPTION
Extent 32 p. :
Other physical details col. ill. ;
Dimensions 24 cm.
490 1# - SERIES STATEMENT
Series statement Kids Can read
500 ## - GENERAL NOTE
General note The character Franklin was created by Paulette Bourgeois and Brenda Clark.
500 ## - GENERAL NOTE
General note "Kids Can Read, level 2".
650 #0 - SUBJECT ADDED ENTRY--TOPICAL TERM
Topical term or geographic name as entry element Franklin (Fictitious character : Bourgeois)
Form subdivision Juvenile fiction.
9 (RLIN) 5729351
650 #0 - SUBJECT ADDED ENTRY--TOPICAL TERM
Topical term or geographic name as entry element Ducklings
Form subdivision Juvenile fiction.
9 (RLIN) 5717647
650 #0 - SUBJECT ADDED ENTRY--TOPICAL TERM
Topical term or geographic name as entry element Pets
Form subdivision Juvenile fiction.
9 (RLIN) 5674712
650 #6 - SUBJECT ADDED ENTRY--TOPICAL TERM
Topical term or geographic name as entry element Benjamin (Personnage fictif : Bourgeois)
Form subdivision Romans, nouvelles, etc. pour la jeunesse.
9 (RLIN) 5840506
650 #6 - SUBJECT ADDED ENTRY--TOPICAL TERM
Topical term or geographic name as entry element Canetons
Form subdivision Romans, nouvelles, etc. pour la jeunesse.
9 (RLIN) 5840507
650 #6 - SUBJECT ADDED ENTRY--TOPICAL TERM
Topical term or geographic name as entry element Animaux familiers
Form subdivision Romans, nouvelles, etc. pour la jeunesse.
9 (RLIN) 5840508
700 1# - ADDED ENTRY--PERSONAL NAME
Personal name Bourgeois, Paulette.
9 (RLIN) 29304
700 1# - ADDED ENTRY--PERSONAL NAME
Personal name Clark, Brenda.
9 (RLIN) 29305
700 1# - ADDED ENTRY--PERSONAL NAME
Personal name Jeffrey, Sean.
9 (RLIN) 68643
700 1# - ADDED ENTRY--PERSONAL NAME
Personal name Sisic, Jelena.
9 (RLIN) 51434
700 1# - ADDED ENTRY--PERSONAL NAME
Personal name McIntyre, Sasha.
9 (RLIN) 5840509
830 #0 - SERIES ADDED ENTRY--UNIFORM TITLE
Uniform title Kids Can read (Toronto, Ont.)
9 (RLIN) 5826029
938 ## -
-- Baker & Taylor
-- BKTY
-- 14.95
-- 11.21
-- 1553378881
-- 0007160059
-- active
938 ## -
-- Baker & Taylor
-- BKTY
-- 3.95
-- 2.96
-- 155337889X
-- 0007160060
-- active
938 ## -
-- Baker and Taylor
-- BTCP
-- BK0007160060
942 ## - ADDED ENTRY ELEMENTS (KOHA)
Koha item type BOOK
948 ## - LOCAL PROCESSING INFORMATION (OCLC); SERIES PART DESIGNATOR (RLIN)
Series part designator, SPT (RLIN) 12/22/2007
z (OCLC) Sirsi
994 ## -
-- 02
-- WACOL
996 ## -
-- 59650
-- 34301000614877
-- EL
-- bk
-- wcl
-- i
-- 48
-- 13.96
-- Penworthy
-- Jen
-- 12/26/2007
-- 11/04/2019
-- 10/15/2019
Holdings
Withdrawn status Lost status Source of classification or shelving scheme Damaged status Not for loan Collection code Home library Current library Shelving location Date acquired Source of acquisition Cost, normal purchase price Total Checkouts Total Renewals Full call number Barcode Date last seen Date checked out Cost, replacement price Price effective from Koha item type
    Dewey Decimal Classification     Children Leveled Wasatch County Library Wasatch County Library Main Floor Childrens Area 12/26/2007 Penworthy 13.96 71 23 E Jen 34301000614877 09/08/2025 07/25/2025 13.96 03/20/2020 BOOK
This project was made possible through a grant from the Institute of Museum and Library Service administered by the Utah State Library Division.

Wasatch County Library

  • 465 East 1200 South, Heber City, Utah 84032
  • Phone 435-654-1511 | Fax 435-654-6456

Hours

  • Monday - Friday 9:30 AM - 8:00 PM
  • Saturday 9:30 AM - 1:30 PM
  • Closed Sundays and Holidays